01072nam0a22002411 4500001001100000005001700011035002600028100004100054101000800095102000700103105001800110200023700128210003800365215003600403300019300439333002700632700007000659701002500729801001800754801002200772852001800794852001800812rc\413225520250611002727.0 a(NLR Aleph) 007985514 a20130415d1951 |||y0rusy50 ca0 arus aRU aa z |||||1 aЭксплуатация паровозов и паровозное хозяйство на фронтовых железных дорогахfВоен.-трансп. акад. им. Л.М. Кагановича. Учеб. отд. aЛенинградcБ. и.d1951 a356 с., 2 л. ил.cил.d22 aПеред загл. авт.: К.Н. Козьмин, доц., канд. техн. наук, майор, А.М. Мудрук доц., канд. техн. наук, инж.-подполк. aДСП. Экз. № 15 1aКозьминbК.Н.gКонстантин Николаевич 1aМудрукbА.М. 0aRUbNLRgpsbo 1aRUbELAR2rusmarc aNLRj50К/607 aNLRj50К/613